000 00448nam a2200169Ia 4500
008 210719s2010 xx 000 0 und d
041 _akan
082 _a303.62K SALS
100 _aSALDANHA (Michael F)
245 _aSarakaradindale bhayotpadane daurjanya
260 _aBengaluru
_c2010
300 _a24
_bPB
365 _b15
_cRs
650 _aSocial Change
650 _aSocial Change
906 _abhayotpadane ; daurjanya ; Sarakaradindale
999 _c215860
_d215860